Southville International School and Colleges
Your cart is empty.
  • Cart
  • Lists
    Public lists Eva Luna New books Lux_list list_1
    Your lists Log in to create your own lists
  • Log in to your account
  • Your cookies
  • Search history
Southville International School and Colleges
  • Advanced search
  • Recent comments
  • Most popular
  • Libraries

Log in to your account

Log in with GOOGLE


If you do not have an external account, but do have a local account, you can still log in:

  1. Home
  2. MARC view: Concepts in strategic management and business policy :
Normal view MARC view ISBD view

Concepts in strategic management and business policy : (Record no. 291509)

[ view plain ]
MARC details
000 -LEADER
fixed length control field 01358cam a2200325 i 4500
001 - CONTROL NUMBER
control field 17969271
003 - CONTROL NUMBER IDENTIFIER
control field PILC
005 - DATE AND TIME OF LATEST TRANSACTION
control field 20160309164257.0
008 - FIXED-LENGTH DATA ELEMENTS--GENERAL INFORMATION
fixed length control field 131212s2015 maua 001 0 eng
010 ## - LIBRARY OF CONGRESS CONTROL NUMBER
LC control number 2013047454
020 ## - INTERNATIONAL STANDARD BOOK NUMBER
International Standard Book Number 9780133126129
020 ## - INTERNATIONAL STANDARD BOOK NUMBER
International Standard Book Number 0133126129
040 ## - CATALOGING SOURCE
Original cataloging agency DLC
Language of cataloging eng
Transcribing agency DLC
Description conventions rda
Modifying agency DLC
042 ## - AUTHENTICATION CODE
Authentication code pcc
050 00 - LIBRARY OF CONGRESS CALL NUMBER
Classification number HD 30.28
Item number .W43 2015
082 00 - DEWEY DECIMAL CLASSIFICATION NUMBER
Classification number 658.4/012
100 1# - MAIN ENTRY--PERSONAL NAME
Personal name Wheelen, Thomas L.
245 10 - TITLE STATEMENT
Title Concepts in strategic management and business policy :
Remainder of title globalization, innovation, and sustainability /
Statement of responsibility, etc Thomas L. Wheelen, Formerly with University of Virginia Trinity College, Dublin, Ireland, J. David Hunger, Iowa State University St. John's University ; Charles E. Bamford, University of Norte Dame ; with major contributions by Kathryn E. Wheelen, Alan N. Hoffman, Bentley University.
250 ## - EDITION STATEMENT
Edition statement 14th edition.
260 ## - PUBLICATION, DISTRIBUTION, ETC. (IMPRINT)
Place of publication, distribution, etc Boston :
Name of publisher, distributor, etc Pearson,
Date of publication, distribution, etc 2015.
300 ## - PHYSICAL DESCRIPTION
Extent xx, 357 pages :
Other physical details illustrations ;
Dimensions 26 cm
500 ## - GENERAL NOTE
General note Includes indexes.
650 #0 - SUBJECT ADDED ENTRY--TOPICAL TERM
Topical term or geographic name as entry element Strategic planning.
650 #0 - SUBJECT ADDED ENTRY--TOPICAL TERM
Topical term or geographic name as entry element Strategic planning
Form subdivision Case studies.
650 #0 - SUBJECT ADDED ENTRY--TOPICAL TERM
Topical term or geographic name as entry element Sustainability.
700 1# - ADDED ENTRY--PERSONAL NAME
Personal name Hunger, J. David,
Dates associated with a name 1941-
906 ## - LOCAL DATA ELEMENT F, LDF (RLIN)
a 7
b cbc
c orignew
d 1
e ecip
f 20
g y-gencatlg
942 ## - ADDED ENTRY ELEMENTS (KOHA)
Source of classification or shelving scheme Library of Congress Classification
Koha item type Books
Holdings
Withdrawn status Lost status Source of classification or shelving scheme Damaged status Home library Current library Shelving location Date acquired Source of acquisition Sub Shelving location Total Checkouts Full call number Barcode Date last seen Price effective from Koha item type
    Library of Congress Classification   College Library College Library Reserve Section 03/09/2016 Library Fund     HD 30.28 .W43 2015 C20444 03/09/2016 03/09/2016 Books

Concepts in strategic management and business policy :

APA

Wheelen T. L., Hunger J. D., . (2015). Concepts in strategic management and business policy. Boston: Pearson.

Chicago

Wheelen Thomas L, Hunger J David, . 2015. Concepts in strategic management and business policy. Boston: Pearson.

Harvard

Wheelen T. L., Hunger J. D., . (2015). Concepts in strategic management and business policy. Boston: Pearson.

MLA

Wheelen Thomas L, Hunger J David, . Concepts in strategic management and business policy. Boston: Pearson. 2015.

  • Place hold
  • Print
  • Cite
  • Add to your cart (remove)
  • Save record
    BIBTEX Dublin Core MARCXML MARC (non-Unicode/MARC-8) MARC (Unicode/UTF-8) MARC (Unicode/UTF-8, Standard) MODS (XML) RIS
  • More searches
    Search for this title in:
    Other Libraries (WorldCat) Other Databases (Google Scholar) Online Stores (Bookfinder.com) Open Library (openlibrary.org)

Exporting to Dublin Core...

SOUTHVILLE LIBRARY

Southville International School and Colleges Library

1281 Tropical Ave. Cor. Luxembourg St., BF Homes International, Las Pinas City

Tel. No. 8256374 / 252358 Loc. 117/146

Powered by Koha